|
|
|
|
| LEADER |
00933naa a2200217 i 4500 |
| 001 |
acta54430 |
| 005 |
20230613110345.0 |
| 008 |
180712s1999 hu o 1|| hun d |
| 020 |
|
|
|a 963 482 366 1
|
| 040 |
|
|
|a SZTE Egyetemi Kiadványok Repozitórium
|b hun
|
| 041 |
|
|
|a hun
|
| 100 |
1 |
|
|a Nyirkos István
|
| 245 |
1 |
2 |
|a A kontamináció szerepe a mondat fejlődésében
|h [elektronikus dokumentum] /
|c Nyirkos István
|
| 260 |
|
|
|a József Attila Tudományegyetem Magyar Nyelvészeti Tanszék
|b Szeged
|c 1999
|
| 300 |
|
|
|a 133-141
|
| 490 |
0 |
|
|a A nyelvtörténeti kutatások újabb eredményei
|v 1
|
| 650 |
|
4 |
|a Bölcsészettudományok
|
| 650 |
|
4 |
|a Nyelvek és irodalom
|
| 695 |
|
|
|a Nyelvtörténet - magyar, Magyar nyelv - mondattan, Nyelvtudomány
|
| 711 |
|
|
|a A nyelvtörténeti kutatások újabb eredményei (1.)
|c Szeged
|d 1998. szeptember 23-24.
|
| 856 |
4 |
0 |
|u http://acta.bibl.u-szeged.hu/54430/1/nyelvtort_001_133-141.pdf
|z Dokumentum-elérés
|